000 00512nam a2200181Ia 4500
003 GCL
008 140319s9999 xx 000 0 eng d
040 _aGCL /
_cGCL
082 0 4 _a892.7
_bV
100 1 _aACCADEMIA NATIONALE DEI LINCEI
245 1 0 _aGIORNATA DI STUDIO : L'ISLAM INDIANO /
_cACCADEMIA NATIONALE DEI LINCEI
260 _a[S.N] :
_bACCADEMIA NAZIONALE DEI LINCEI ،
_c1990
300 _a113 P
650 0 4 _aحوادث المرور
650 0 4 _aPAKISTAN
650 0 4 _aINDIA
942 _2ddc
_cBK
999 _c12454
_d12454